Normal view
MARC view
- Businessmen
Entry Topical Term
001 - CONTROL NUMBER
- control field: 81741
003 - CONTROL NUMBER IDENTIFIER
- control field: NUST
005 - DATE AND TIME OF LATEST TRANSACTION
- control field: 20210827105916.0
008 - FIXED-LENGTH DATA ELEMENTS
- fixed length control field: 210827|| aca||aabn | a|a d
040 ## - CATALOGING SOURCE
- Original cataloging agency: NUST
- Transcribing agency: NUST
150 ## - HEADING--TOPICAL TERM
- Topical term or geographic name entry element: Businessmen
- Geographic subdivision: Pakistan
- Form subdivision: Biography
670 ## - SOURCE DATA FOUND
- Source citation: Work cat.: (NUST)328958: 880-01 Hashwani, Sadruddin, 1940- author. 81739, Sach kā safar /
